Belgian Golden Shoe Since 2012 - Statistics

General Stats
  • This quiz has been taken 6 times
  • The average score is 10 of 15
Answer Stats
Hint Answer % Correct
2024 Hans Vanaken
100%
2019 Hans Vanaken
100%
2018 Hans Vanaken
100%
2013 Thorgan Hazard
83%
2023 Toby Alderweireld
83%
2025 Ardon Jashari
67%
2014 Dennis Praet
67%
2016 José Izquierdo
67%
2021 Paul Onuachu
67%
2020 Lior Refaelov
50%
2017 Ruud Vormer
50%
2022 Simon Mignolet
50%
2015 Sven Kums
50%
2012 Dieumerci Mbokani
33%
2011 Matias Suarez
17%
No matching quizzes found
Score Distribution
Percent of People with Each Score
Percentile by Number Answered
Your Score History
You have not taken this quiz